A Text Book Of Fluid Mechanics & Hydraulic Machines S. I. Units (Record no. 4118)

MARC details
000 -LEADER
fixed length control field 00421nam a2200157Ia 4500
008 - FIXED-LENGTH DATA ELEMENTS--GENERAL INFORMATION
fixed length control field 221030s9999 xx 000 0 und d
020 ## - INTERNATIONAL STANDARD BOOK NUMBER
ISBN 8170083117
041 ## - LANGUAGE CODE
Language code of text/sound track or separate title
082 ## - DEWEY DECIMAL CLASSIFICATION NUMBER
Classification number 105.23
Item number Ban
100 ## - MAIN ENTRY--AUTHOR NAME
Personal name R. K. Bansal
245 #2 - TITLE STATEMENT
Title A Text Book Of Fluid Mechanics & Hydraulic Machines S. I. Units
Statement of responsibility, etc by R. K. Bansal
260 ## - PUBLICATION, DISTRIBUTION, ETC. (IMPRINT)
Name of publisher Laxmi Pub
Place of publication New Delhi
Year of publication 2005
300 ## - PHYSICAL DESCRIPTION
Number of Pages 1093
650 ## - SUBJECT ADDED ENTRY--TOPICAL TERM
Topical Term Mechanical
942 ## - ADDED ENTRY ELEMENTS (KOHA)
Koha item type Books
Holdings
Accession Number Cost, normal purchase price Full call number Price effective from Koha item type Withdrawn / writtenoff status Materials specified (bound volume or other part) Damaged status Not for loan Permanent Location Current Location Shelving location Date acquired Lost/ Missing status department
BE 7514 310.00 105.23 Ban 10/30/2022 Books   Print   Not For Loan MIET Library, Jammu MIET Library, Jammu BL-Second, FL-1, CUP-71, SH-4, R-4 01/27/2005   BE
BE 7515 310.00 105.23 Ban 10/30/2022 Books   Print     MIET Library, Jammu MIET Library, Jammu BL-First, FL-1, CUP-160, SH-4, R-4 01/27/2005   BE
BE 7516 310.00 105.23 Ban 10/30/2022 Books   Print     MIET Library, Jammu MIET Library, Jammu BL-Academic Block A, FL-1, CUP-160, SH-4, R-4 11/12/2005   BE
BE 7517 310.00 105.23 Ban 10/30/2022 Books   Print     MIET Library, Jammu MIET Library, Jammu BL-Academic Block C, FL-2, CUP-160, SH-3, R-3 11/12/2005   BE
BE 7518 310.00 105.23 Ban 10/30/2022 Books   Print     MIET Library, Jammu MIET Library, Jammu BL-First, FL-1, CUP-160, SH-4, R-4 11/12/2005   BE
BE 7519 310.00 105.23 Ban 10/30/2022 Books   Print     MIET Library, Jammu MIET Library, Jammu BL-Academic Block C, FL-2, CUP-160, SH-3, R-3 01/27/2005   BE
BE 7520 310.00 105.23 Ban 10/30/2022 Books   Print     MIET Library, Jammu MIET Library, Jammu BL-Academic Block C, FL-2, CUP-160, SH-3, R-3 01/27/2005   BE